<?xml version="1.0" encoding="UTF-8"?>
<collection xmlns="http://www.loc.gov/MARC21/slim">
 <record>
  <leader>01370cam a2200385 i 4500</leader>
  <controlfield tag="001">000046902</controlfield>
  <controlfield tag="003">6411</controlfield>
  <controlfield tag="005">20030929112051.0</controlfield>
  <controlfield tag="008">010306b1999    vm            000   vie</controlfield>
  <datafield tag="020" ind1=" " ind2=" ">
   <subfield code="c">21000</subfield>
  </datafield>
  <datafield tag="022" ind1=" " ind2=" ">
   <subfield code="a">T</subfield>
  </datafield>
  <datafield tag="040" ind1=" " ind2=" ">
   <subfield code="a">IRC</subfield>
   <subfield code="c">IRC</subfield>
   <subfield code="d">IRC</subfield>
  </datafield>
  <datafield tag="041" ind1="0" ind2=" ">
   <subfield code="a">vie</subfield>
  </datafield>
  <datafield tag="082" ind1="1" ind2="4">
   <subfield code="a">364.2</subfield>
   <subfield code="b">LÊ-C</subfield>
  </datafield>
  <datafield tag="100" ind1="1" ind2=" ">
   <subfield code="a">Lê Văn Cương,</subfield>
   <subfield code="c">PGS. PTS.</subfield>
  </datafield>
  <datafield tag="245" ind1="0" ind2="0">
   <subfield code="a">Tâm lý phạm tội và vấn đề chống tội phạm (Lứa tuổi vị thành niên) /</subfield>
   <subfield code="c">Lê Văn Cương chủ biên, Trương Như Vương, Trương Đức Thành, Kim Huê.</subfield>
  </datafield>
  <datafield tag="260" ind1=" " ind2=" ">
   <subfield code="a">Hà Nội :</subfield>
   <subfield code="b">Công an nhân dân,</subfield>
   <subfield code="c">1999.</subfield>
  </datafield>
  <datafield tag="300" ind1=" " ind2=" ">
   <subfield code="a">174tr. ;</subfield>
   <subfield code="c">19cm.</subfield>
  </datafield>
  <datafield tag="520" ind1="3" ind2=" ">
   <subfield code="a">Cuốn sách giúp cho mọi gia đình, mọi tầng lớp xã hội, các bậc làm cha, làm mẹ, làm anh, làm chị, các nhà trường, các tổ chức nuôi dưỡng và giáo dục thế hệ trẻ, các nhà hoạch định chính sách tìm ra các giải pháp...</subfield>
  </datafield>
  <datafield tag="630" ind1="0" ind2="4">
   <subfield code="a">Tâm lý học.</subfield>
  </datafield>
  <datafield tag="630" ind1="0" ind2="4">
   <subfield code="a">Tội phạm học.</subfield>
  </datafield>
  <datafield tag="650" ind1="0" ind2="4">
   <subfield code="a">Tội phạm học.</subfield>
  </datafield>
  <datafield tag="700" ind1="1" ind2=" ">
   <subfield code="a">Trương Như Vương.</subfield>
  </datafield>
  <datafield tag="700" ind1="1" ind2=" ">
   <subfield code="a">Trương Đức Thành.</subfield>
  </datafield>
  <datafield tag="700" ind1="1" ind2=" ">
   <subfield code="a">Kim Huê.</subfield>
  </datafield>
  <datafield tag="OWN" ind1=" " ind2=" ">
   <subfield code="a">DUT</subfield>
  </datafield>
  <datafield tag="999" ind1=" " ind2=" ">
   <subfield code="a">From the UDN01</subfield>
  </datafield>
  <datafield tag="TYP" ind1=" " ind2=" ">
   <subfield code="a">Monograph</subfield>
  </datafield>
  <datafield tag="TYP" ind1=" " ind2=" ">
   <subfield code="a">Printed language</subfield>
  </datafield>
  <datafield tag="980" ind1=" " ind2=" ">
   <subfield code="a">Mạng thư viện Đại học Đà Nẵng</subfield>
  </datafield>
 </record>
</collection>
